Barabáš /

Hlavní autor: Lagerkvist, Pär, 1891-1974
Jazyk: Čeština
Vydáno: Praha : Vyšehrad, 1970
Vydání: 1. vyd.
Externí odkaz: Digitalizovaný dokument
Fyzický popis: 117 s., [9] l. barev. obr. příl. : il. ; 21 cm
Knihy
Uloženo v:
LEADER 01036nam a22002892a 4500
001 000207170
003 CZ BrMZK
005 20130808101836.0
007 ta
008 950101s1970 xr af f 000 0 cze d
015 |a cnb000297574 
035 |a (OCoLC)42152160 
040 |a ABA001  |b cze  |c ABA001  |d ABA001 
041 1 |a cze  |h swe 
080 9 |a 839.7-312.2 
100 1 |a Lagerkvist, Pär,  |d 1891-1974  |7 jn19990004816  |4 aut 
245 1 0 |a Barabáš /  |c Pär Lagerkvist ; [ze švédského originálu ... přeložila Dagmar Chvojková-Pallasová ; ilustrovala Marie Vindišová] 
250 |a 1. vyd. 
260 |a Praha :  |b Vyšehrad,  |c 1970 
300 |a 117 s., [9] l. barev. obr. příl. :  |b il. ;  |c 21 cm 
500 |a 25000 výt. 
765 0 |t Barabbas  |9 Česky 
856 4 1 |u http://www.digitalniknihovna.cz/mzk/uuid/uuid:c3999400-0317-11e3-beb8-005056827e51  |y Digitalizovaný dokument  |x NDK 
910 |a BOA001  |b 2-0654.833 
990 |a BK 
991 |b 201306 
996 7 |b 2619922859  |c 2-0654.833  |l HP2  |r DEN  |n 32  |w 000207170  |u 000010  |a 1  |e BOA001  |j MZK50  |s A